Welcome to Marium Abdulla Library

Embrace knowledge with a breath of fresh air.

Browse Collection

Marium Abdulla Library

This is TOLEDO : History Mounuments Legends (Record no. 8425)

MARC details
000 -LEADER
fixed length control field 00385nam a2200169Ia 4500
001 - CONTROL NUMBER
control field 15014
003 - CONTROL NUMBER IDENTIFIER
control field IVS
005 - DATE AND TIME OF LATEST TRANSACTION
control field 20250626030218.0
008 - FIXED-LENGTH DATA ELEMENTS--GENERAL INFORMATION
fixed length control field 211022s9999 xx 000 0 und d
040 ## - CATALOGING SOURCE
Transcribing agency MAL
082 ## - DEWEY DECIMAL CLASSIFICATION NUMBER
Classification number 946.43 /CAM
100 ## - MAIN ENTRY--PERSONAL NAME
Personal name Payo, Juan Campos
245 #0 - TITLE STATEMENT
Title This is TOLEDO : History Mounuments Legends
260 ## - PUBLICATION, DISTRIBUTION, ETC.
Date of publication, distribution, etc. 2002
300 ## - PHYSICAL DESCRIPTION
Extent 110 pages
942 ## - ADDED ENTRY ELEMENTS (KOHA)
Koha item type Book
Suppress in OPAC No
Source of classification or shelving scheme Dewey Decimal Classification
Holdings
Date last seen Total checkouts Full call number Barcode Price effective from Koha item type Lost status Source of classification or shelving scheme Damaged status Not for loan Collection Withdrawn status Home library Current library Shelving location Date acquired Source of acquisition Cost, normal purchase price
10/26/2021   946.43 /CAM 15014 10/26/2021 Book   Dewey Decimal Classification     Liberal Arts   Marium Abdulla Library Marium Abdulla Library Non-Ref 09/21/2021 Dr.Ishrat Hussain 2250.00